| 000 | 00743nam a22002175i 4500 | ||
|---|---|---|---|
| 001 | 167779 | ||
| 003 | ES-MaACL | ||
| 005 | 20250717063050.0 | ||
| 008 | 050929s1826 fr | |||||||| ||fre d | ||
| 040 |
_aCAM _bspa _cCAM |
||
| 100 | 0 |
_aVoltaire, _d1694-1778 _9115721 |
|
| 245 | 1 | 0 | _aLettres inédites de Voltaire. |
| 260 |
_aParis : _bchez P. Dupont, libraire, _c1826 ( _fImprimerie de Gaultier-Laguionie) |
||
| 300 |
_a380, XXXVIII p., [1] h. pleg. ; _c21 cm. |
||
| 597 | _aLa h. pleg., reprod. de una carta de Voltaire. | ||
| 599 | _aPort. grab. lit. | ||
| 600 | 0 | 0 |
_aVoltaire _d1694-1778- _xEpistolarios _9188729 |
| 700 | 1 |
_aDupont, Paul, _eed. _946109 |
|
| 852 |
_aES-MaACL _jF-7590 _z-- Enc. hol. |
||
| 999 |
_c167779 _d167779 |
||